Statistics for Big Bang Theory Trivia

Click here to take the quiz!

General Stats

  • This quiz has been taken 1,899 times
    (1,896 since last reset)
  • The average score is 6 of 12

Answer Stats

Hint Answer % Correct
What state is sheldon from?texas
93%
What state is Penny from?nebraska
87%
What can't Raj do?talk to women
79%
Name of co-worker that teases Sheldonleslie winkle/barry kripke
70%
What Sheldon does on Saturday nightslaundry
63%
What Sheldon dressed up as for Penny's Halloween partydoppler effect
52%
What does Raj do for a living?astrophysicist
50%
How does Sheldon organize his cereal?fiber
34%
How long Sheldon, Leonard, Raj, and Howard spent at the north pole3 months
30%
What doesn't Howard have that everyone else has?a pHd
26%
What pet did Sheldon always want?griffon
6%
What two things did Sheldon learn to do online?swimming and rockclimbing
4%

Score Distribution

Percentile by Number Answered

Percent of People with Each Score

Your Score History

You have not taken this quiz since the last reset